Welcome to CU Library Online Public Access Catalogue (OPAC)

Commercial bank management / (Record no. 3660)

MARC details
000 -LEADER
fixed length control field 00870pam a2200241 a 4500
001 - CONTROL NUMBER
control field 725516
005 - DATE AND TIME OF LATEST TRANSACTION
control field 20250208114648.0
008 - FIXED-LENGTH DATA ELEMENTS--GENERAL INFORMATION
fixed length control field 980325s1999 maua b 001 0 eng
020 ## - INTERNATIONAL STANDARD BOOK NUMBER
International Standard Book Number 025615211X (acid free paper)
050 00 - LIBRARY OF CONGRESS CALL NUMBER
Classification number HG1615
Item number .R66 1999
082 00 - DEWEY DECIMAL CLASSIFICATION NUMBER
Classification number 332.1/2/0685
Edition information 21
100 1# - MAIN ENTRY--PERSONAL NAME
Personal name Rose, Peter S.
245 10 - TITLE STATEMENT
Title Commercial bank management /
Statement of responsibility, etc. Peter Rose.
250 ## - EDITION STATEMENT
Edition statement 4th ed.
260 ## - PUBLICATION, DISTRIBUTION, ETC.
Place of publication, distribution, etc. Boston, Mass :
Name of publisher, distributor, etc. Irwin/McGraw-Hill,
Date of publication, distribution, etc. c1999.
300 ## - PHYSICAL DESCRIPTION
Extent xxviii, 808 p. :
Other physical details ill. ;
Dimensions 24 cm.
440 #4 - SERIES STATEMENT/ADDED ENTRY--TITLE
Title The Irwin/McGraw-Hill Series in Finance, Insurance, and Real Estate
650 #0 - SUBJECT ADDED ENTRY--TOPICAL TERM
Topical term or geographic name entry element Bank management.
650 #0 - SUBJECT ADDED ENTRY--TOPICAL TERM
Topical term or geographic name entry element Financial services industry
General subdivision Management.
856 42 - ELECTRONIC LOCATION AND ACCESS
Materials specified Publisher description
Uniform Resource Identifier <a href="http://www.loc.gov/catdir/description/mh023/98016998.html">http://www.loc.gov/catdir/description/mh023/98016998.html</a>
856 41 - ELECTRONIC LOCATION AND ACCESS
Materials specified Table of contents
Uniform Resource Identifier <a href="http://www.loc.gov/catdir/toc/mh022/98016998.html">http://www.loc.gov/catdir/toc/mh022/98016998.html</a>
942 ## - ADDED ENTRY ELEMENTS (KOHA)
Source of classification or shelving scheme Library of Congress Classification
Koha item type Books
Suppress in OPAC No
999 ## -
-- 3660
-- 3660
Holdings
Withdrawn status Lost status Source of classification or shelving scheme Damaged status Not for loan Collection Home library Current library Shelving location Date acquired Total checkouts Full call number Barcode Date last seen Copy number Price effective from Koha item type
    Library of Congress Classification     Non-fiction Undergraduate Library (Christ Temple) Undergraduate Library (Christ Temple) General stacks 02/08/2025   HG1615 ROS ulct00001110 02/08/2025 1 02/08/2025 Books
© 2023-2024 Copyright: Central University Libraries. All Rights Reserved | Created by: Mahone Tech Office